Juguemos en el bosque / (Registro nro. 2293)

Detalles MARC
000 -CABECERA
Longitud fija campo de control 00743nam a2200265 a 4500
003 - • IDENTIFICADOR DELl NÚMERO DE CONTROL
Identificador del número de control CO-ViMGA
008 - • CÓDIGOS DE INFORMACIÓN DE LONGITUD FIJA
Códigos de información de longitud fija 141112s2004 ck r 000 u spa d
020 ## - • NÚMERO INTERNACIONAL NORMALIZADO PARA LIBROS
Número Internacional Normalizado para Libros (ISBN) 9789588445304
040 ## - FUENTE DE LA CATALOGACIÓN
Centro catalogador de origen CO-ViMGA
Lengua de catalogación spa
Centro transcriptor CO-ViMGA
041 ## - • CÓDIGO DE LENGUA
Código de lengua del texto/banda sonora o título independiente SPA
100 1# - • PUNTO DE ACCESO PRINCIPAL-NOMBRE DE PERSONA
Nombre de persona Bergna, Mónica
245 10 - • TITULO PROPIAMENTE DICHO
Título Juguemos en el bosque /
Mención de responsabilidad, etc. adaptado y ilustrado por Mónica Bergna
250 ## - • MENCIÓN DE EDICIÓN
Mención de edición 6a ed.
300 ## - • DESCRIPCIÓN FÍSICA
Extensión 28 p. : il. col. : il.
490 ## - • MENCIÓN DE SERIE
Mención de serie Clave de Sol
650 14 - • PUNTO DE ACCESO ADICIONAL DE MATERIA - TÉRMINO DE MATERIA
Término de materia o nombre geográfico como elemento inicial CANCIONES INFANTILES
650 14 - • PUNTO DE ACCESO ADICIONAL DE MATERIA - TÉRMINO DE MATERIA
Término de materia o nombre geográfico como elemento inicial LEER ES MI CUENTO - COLECCION 2011
650 14 - • PUNTO DE ACCESO ADICIONAL DE MATERIA - TÉRMINO DE MATERIA
Término de materia o nombre geográfico como elemento inicial LITERATURA INFANTIL
650 14 - • PUNTO DE ACCESO ADICIONAL DE MATERIA - TÉRMINO DE MATERIA
Término de materia o nombre geográfico como elemento inicial LOBOS
650 14 - • PUNTO DE ACCESO ADICIONAL DE MATERIA - TÉRMINO DE MATERIA
Término de materia o nombre geográfico como elemento inicial RONDAS
942 ## - ENTRADA DE ELEMENTOS AGREGADOS (KOHA)
Fuente de clasificaión o esquema Dewey Decimal Classification
Koha [por defecto] tipo de item LIbro
Existencias
Perdido Fuente de clasificación o esquema Estado Físico No para préstamo Forma de adquisición Localización permanente Localización actual Localización en estanterías Fecha adquisición Préstamos totales Signatura completa Código de barras Fecha última consulta Número de copia Fecha del precio de reemplazo Tipo de item de Koha Serie de enumeración / cronolog&íacute;a Fecha último préstamo Note pública
  Dewey Decimal Classification     Infantil Biblioteca Pública Cubarral Biblioteca Pública Cubarral Sala Infantil 07/18/2023   P BER9 CUB00264 07/18/2023 Ej.1 07/18/2023 Libro Infantil      
  Dewey Decimal Classification       Biblioteca Pública Fuentedeoro - Henry Llanos García Biblioteca Pública Fuentedeoro - Henry Llanos García Sala Infantil 04/11/2025   P BER9 Fo00002347 04/11/2025 Ej.1 04/11/2025 Libro Infantil      
  Dewey Decimal Classification     Infantil Biblioteca Pública San Carlos de Guaroa - Eduardo Carranza Biblioteca Pública San Carlos de Guaroa - Eduardo Carranza Sala Infantil 06/29/2023   P JUG SG00714 06/29/2023 Ej.1 06/29/2023 Libro Infantil      
        Colección Sala Infantil de Literatura Pocatil y Tilín Biblioteca Pública Departamental Eduardo Carranza - Villavicencio Biblioteca Pública Departamental Eduardo Carranza - Villavicencio Sala Infantil 06/07/2012   P BER9 ECA21102 11/26/2024 Ej.1 11/26/2024 LIbro     15598 | 20328
  Dewey Decimal Classification     Sala Infantil Segundo Piso Biblioteca Pública Germán Arciniegas - Villavicencio Biblioteca Pública Germán Arciniegas - Villavicencio   12/04/2015 1 P BER9 25153 09/22/2017 Ej. 1 12/04/2015 LIbro 27/jun/2012 09/20/2017  
  Dewey Decimal Classification     Infantil Biblioteca Pública Guamal Biblioteca Pública Guamal Sala Infantil 02/10/2023   P BER9 GUA001059 02/10/2023 Ej.1 02/10/2023 Libro Infantil      
  Dewey Decimal Classification     Infantil Biblioteca Pública La Macarena Biblioteca Pública La Macarena Sala Infantil 05/08/2024   P BER9 LM001290 05/08/2024 Ej.1 05/08/2024 LIbro      
  Dewey Decimal Classification     Infantil Biblioteca Pública Mesetas - Franco lodo Poloxi Biblioteca Pública Mesetas - Franco lodo Poloxi Sala Infantil 07/29/2025   C MAY ME01554 03/17/2025 Ej.1 03/17/2025 LIbro      
  Dewey Decimal Classification     Infantil Biblioteca Pública San Juanito - Ernesto Maria Peña Romero Biblioteca Pública San Juanito - Ernesto Maria Peña Romero Sala Infantil 09/03/2024   P BER9 SJU00915 09/03/2024 Ej.1 09/03/2024 LIbro      









Instituto Departamental de Cultura del Meta - Red Departamental de Bibliotecas Públicas del Meta.